00869nam a2200241 a 450000100100000000500170001000800410002702000180006804000250008608200190011110000290013024500480015926000380020730000210024549000270026650000630029365000320035665000340038883000340042291000370045695201170049399900170061000004235720201002040112.0131127s2009 sp 000 p spa d a9788498957136 aDO-SdBNPbspacBNPHU aN861.44bC266a1 aCardenal, Ernesto91471410aAntología Poética. /cErnesto Cardenal. aEspaña, :bVisor libros,c2009. a321 p. ;c20 cm.1 aVisor de poesíav713 aIncluye datos biografícos del autor en la contracubierta 4aPoesía nicaraguense98179 4aLiteratura nicaraguense98180 0aVisor de poesían713969429 aValidado. Control de calidad MFF 001050718MOaGRbGRcHDd2013-11-27iLF1l0oN861.44 C266ap42357-10r2020-06-25w2020-06-25y1ZNo se presta c41846d41846